| LEADER 01174nam 2200277 a 4500 |
| 001 12334104764 |
| 003 ULIB |
| 008 030417s2551 th a sb 001 0 tha |
| 060 04 ^aWF553^bอ348ห 2551
|
| 100 ^aอรรถการ นาคำ
|
| 245 10 ^aหลักการใช้ยาและการดูแลผู้ป่วยโรคหืด=/^cอรรถการ นาคำ
|
| 250 ^aพิมพ์ครั้งที่ 1
|
| 260 ^aกรุงเทพฯ :^bโรงพิมพ์แห่งจุฬาลงกรณ์มหาวิทยาลัย,^c2551
|
| 300 ^a148 หน้า
|
| 650 7 ^aหืด^xผู้ป่วย
|
| 650 7 ^aโรคหืด^xการรักษาด้วยยา
|
| 650 7 ^aโรคหืด^xผู้ป่วย^xการดูแล
|
| 710 2 ^aมหาวิทยาลัยนเรศวร.^bคณะเภสัชศาสตร์.^bภาควิชาเภสัชกรรมปฏิบัติ
|
| 913 ^aImported by ULIBM Administrator
|
| 949 ^aImport form external file by ULIBM system
|
| 999 ^aอรทัย
|